00637nam a22001577a 4500003000900000008004100009040007100050082002400121110003100145245004300176260004600219300002400265505014300289650002500432650002200457AR-CdUCM190403b           ||||| |||| 00| 0 spa d  aMUNICIPALIDAD PROVINCIAL DEL CUSCOcBIBLIOTECA MUNICIPAL DEL CUSCO  aEP / 372.510 /bM61  aMinisterio de educación.  aMatematica :bTexto escolar básico /  aLima :bMinisterio de educación,c1988.  a153 paginasc24 cm.  aContenido :Los números naturales menores que 10 -- Los números naturales menores que 20 -- Los números naturales menores que 100 ...  aEducación primaria  aMatemática pura